Camels in the sky: (Record no. 180548)

MARC details
000 -LEADER
fixed length control field 00587nam a22001937a 4500
005 - DATE AND TIME OF LATEST TRANSACTION
control field 20210811123115.0
010 ## - LCCN (DPL NO)
LC control number ENG-129728
020 ## - INTERNATIONAL STANDARD BOOK NUMBER
Terms of availability 595.00
International Standard Book Number 978-01-99489-42-8
035 ## - SYSTEM CONTROL NUMBER
System control number EN-113260
037 ## - SOURCE OF ACQUISITION
Source of stock number/acquisition DBAD/PUB
082 ## - DEWEY DECIMAL CLASSIFICATION NUMBER
Classification number 915.304
100 ## - MAIN ENTRY--PERSONAL NAME
Personal name V.Muzafer Ahamed
245 ## - TITLE STATEMENT
Title Camels in the sky:
Statement of responsibility, etc V.Muzafer Ahamed
Remainder of title Travels in Arabia/
250 ## - EDITION STATEMENT
Edition statement 2018
260 ## - PUBLICATION, DISTRIBUTION, ETC. (IMPRINT)
Name of publisher, distributor, etc Oxford University press
Date of publication, distribution, etc 2018
Place of publication, distribution, etc New Delhi
270 ## - ADDRESS
Address 2/11 Ground floor,Ansari Road,Daryaganj
City New Delhi
Postal code 110002
300 ## - PHYSICAL DESCRIPTION
Extent xxiv;188p.
Dimensions 28cm (pbk)
942 ## - ADDED ENTRY ELEMENTS (KOHA)
Source of classification or shelving scheme Dewey Decimal Classification
Item type English Books
Classification part 915.304
Call number prefix MUZ
Holdings
Withdrawn status Lost status Not for loan Collection code Home library Current library Date acquired Source of acquisition Cost, normal purchase price Full call number Barcode Copy number Cost, replacement price Koha item type
      Non-fiction Shahdara Branch Shahdara Branch 11/08/2021 DBAD/PUB 595.00 915.304 EN-113260 1 595.00 English Books

© Delhi Public Library
Hit Counter
free hit counter